00690nam a22002417a 4500003000500000005001700005008004100022010001000063011001000073035001000083040000900093082001600102100002200118245006000140260003700200300001100237490003700248650004600285650003500331700002000366700002500386830003700411CHAP20220329134354.0971013s1987 r 00010 d a19530 a20502 a24590 cCHAP a681.763bJ300aDe Janvry, Alain. aTechnological innovations in Latin American agriculture aSan José, C.R., :bIICA,c1987 a126 p. aIICA. Program papers seriesv; 414aAgriculturaxInnovaciones tecnológicas.14aAgriculturazAmérica Latina.0 aRunsten, David.0 aSadoulet, Elisabeth.0 aIICA. Program papers seriesv; 4